[Event "ISR-ch U08/18"]
[Site "Savyon"]
[Date "2022.04.14"]
[Round "9"]
[White "Zuev, Ilya"]
[Black "Levin, Guy"]
[Result "1/2-1/2"]
[WhiteElo "1739"]
[BlackElo "2340"]
[PlyCount "160"]
[EventDate "2022.04.06"]
[EventType "swiss"]
[EventRounds "9"]
[EventCountry "ISR"]
[SourceTitle "EXT 2023"]
[Source "ChessBase"]
[SourceDate "2022.10.05"]
[SourceVersion "1"]
[SourceVersionDate "2022.10.05"]
[SourceQuality "1"]

1. d4 Nf6 2. Nf3 e6 3. c4 c5 4. e3 b6 5. Be2 Be7 6. 0-0 Bb7 7. b3 cxd4 8. Nxd4 0-0 9. Bb2 d5 10. cxd5 Nxd5 11. Bf3 Nd7 12. Nc3 Ne5 13. Bxd5 Bxd5 14. Nxd5 Qxd5 15. Nf5 Nf3+ 16. Qxf3 Qxf5 17. Qxf5 exf5 18. Rac1 Rfd8 19. Rfd1 h5 20. Kf1 Bc5 21. Ke2 Kh7 22. Rxd8 Rxd8 23. Rd1 Rxd1 24. Kxd1 f4 25. exf4 Bxf2 26. f5 g5 27. fxg6+ Kxg6 28. Ke2 Bg1 29. h3 f5 30. Kd3 Kf7 31. Be5 Ke6 32. Bf4 Kd5 33. Bg3 Kc5 34. Be1 a6 35. Bd2 Bh2 36. Bg5 b5 37. Be7+ Kd5 38. Bh4 Bd6 39. Bf2 Ba3 40. Be3 Ke5 41. Bd4+ Kf4 42. Bf2 Bb2 43. Be1 Be5 44. a4 Bf6 45. axb5 axb5 46. Bf2 Bd8 47. Be1 Bb6 48. Bh4 Bc5 49. Be1 Bg1 50. Bh4 Ke5 51. Be1 f4 52. Bd2 Kf5 53. Bc1 Bb6 54. Bd2 Bc5 55. b4 Bb6 56. Bc1 Bg1 57. Bd2 Bb6 58. Bc1 Bd8 59. Bd2 Bf6 60. Bc1 Bg5 61. Bd2 Bh6 62. Bc1 Bf8 63. Bd2 Bg7 64. Bc1 Ba1 65. Bd2 Bb2 66. Kc2 Be5 67. Kd3 Bf6 68. Bc1 Be7 69. Bd2 Bg5 70. Bc1 h4 71. Bb2 Be7 72. Bc3 f3 73. gxf3 Kf4 74. Be1 Kxf3 75. Bxh4 Bxh4 76. Kd4 Be7 77. Kd5 Bxb4 78. Kc6 Bc5 79. Kxc5 Kg3 80. Kxb5 Kxh3 1/2-1/2